| 000 | 00959nam a22002297a 4500 | ||
|---|---|---|---|
| 005 | 20150124125221.0 | ||
| 008 | 131007t mx ||||| |||| 00| 0 spa d | ||
| 020 | _a9681676823 | ||
| 050 | 0 | 4 |
_aLB1029 .P67 _bB78 2006 |
| 100 | 1 | _aBrunner, Ilse | |
| 245 | 1 | 3 |
_aEl Desarrollo de las inteligencias en la infancia : _bejemplos prácticos para una enseñanza exitosa / _cIlse Brunner y Erika Rottensteiner ; traducción de Brigitte Prues. |
| 250 | _a1a. ed. | ||
| 260 |
_aMéxico : _bFondo de Cultura Económica, _c2006 |
||
| 300 |
_a330 p. : _bil. ; _c21 cm. |
||
| 440 | 0 | _aEducación y Pedagogía | |
| 500 | _atraducción de : Auf in die schillernd bunte welt der begabungen eine entdckungreise ins reich der multiplen intellgenzen. | ||
| 504 | _aBibliografía: p. 313-319 e índice | ||
| 650 | 7 |
_2LEMB _aMediciones y pruebas educativas _xEnseñanza |
|
| 700 | 1 |
_aRottensteiner, Erika, _ecoaut. |
|
| 700 | 1 |
_aPrues, Brigitte, _etr. |
|
| 942 |
_2lcc _cLIB |
||
| 999 |
_c42657 _d42657 |
||